| 000 | 00632nam a2200205Ia 4500 | ||
|---|---|---|---|
| 008 | 160319s9999 xx 000 0 und d | ||
| 050 | _a808.84 | ||
| 050 | _bF818m 2004 | ||
| 245 | _aMINDAyawan : | ||
| 245 | _bJournal of Culture and Society ; official journal of Capitol University. | ||
| 260 | _aCagayan de Oro City, Philippines : | ||
| 260 | _bCapitol University Press | ||
| 260 | _c2004 | ||
| 300 | _avolumes : | ||
| 300 | _billustrations ; | ||
| 300 | _c23 cm. | ||
| 650 | _aCivilization. | ||
| 650 | _aMindanao Island (Philippines) -- Civilization -- Periodicals. | ||
| 650 | _xPhilippines -- Mindanao Island. | ||
| 999 |
_c292189 _d292189 |
||